000 00592cam a2200229 4500
008 090401t1980 xxu||||| |||| 00| 0 eng d
020 _a0117250597
035 _a(Sirsi) u42798
041 _aeng
050 _a690
110 _aBuilding Research Establishment
245 _aAccuracy in setting-out
260 _aGarston, Watford
_bBuilding Research Establishment
_c1980
300 _a8p. : ill. ; 30cm.
350 _a0
490 _aBRE Digest
_v234
650 _aMeasurement
_96256
650 _aSETTING-OUT
690 _aBUILT ENVIRONMENT
942 _n0
948 _c04/03/1997
999 _c91183
_d91183